| 000 | 00822nam a2200253 a 4500 | ||
|---|---|---|---|
| 003 | OSt | ||
| 005 | 20131002152308.0 | ||
| 008 | 131002s2007 xxu||||| |||| 00| 0 spa d | ||
| 040 | _cBiblioteca Medicina | ||
| 041 | _aspa | ||
| 082 | _bVARIOS 0357 | ||
| 110 |
_aUNPLUS _92642 |
||
| 245 | 0 | 0 | _aUN+ Documento de Posicion. Estigma y discriminacion, viajes y movilidad, confidencialidad, seguro de salud |
| 250 | _a1ยบ ed | ||
| 260 |
_as/l _bUNPLUS Grupo de Emlpleados de las Naciones Unidas VIH Positivos _c2007 |
||
| 300 | _a22 p. | ||
| 653 | _aVIH-ESTIGMA | ||
| 653 | _aVIH-SEGURO DE SALUD | ||
| 653 | _aVIH-CONFIDENCIALIDAD | ||
| 653 | _aVIH-DISCRIMINACION | ||
| 856 | _awww.unplus.org | ||
| 942 |
_2ddc _cPH |
||
| 999 |
_c1719 _d1719 |
||
| 952 |
_40 _00 _bBFM _10 _oVARIOS 0357 _d2013-10-02 _tEj. 1 _8NFIC _70 _cCR _2ddc _yPH _aBFM |
||